| 000 | 00873nam a2200217 i 4500 | ||
|---|---|---|---|
| 001 | 164965 | ||
| 003 | ES-MaACL | ||
| 005 | 20250718062548.0 | ||
| 008 | 980114s1879 fr |||| | fre d | ||
| 040 |
_aNA _bspa _cNA |
||
| 100 | 1 |
_aSchopenhauer, Arthur, _d1788-1860 _9240710 |
|
| 245 | 1 | 3 |
_aLe fondement de la morale / _cpar Arthur Schopenhauer ; traduit de l' allemand par A. Burdeau. |
| 260 |
_aParis : _bLibrairie Germer Baillière et C\pie\s, _c1879 ( _eAbbeville : _fTyp. et Stér. Gustave Retaux) |
||
| 300 |
_a195 p. ; _c18 cm. |
||
| 500 | _aMémoire non Couronné par la Société Royale des Sciences de Danemark, a Copenhague le 30 Janvier 1840. | ||
| 650 | 7 |
_aÉtica _2embne _912577 |
|
| 700 | 0 |
_aBurdeau, A. _932590 |
|
| 852 |
_aES-MaACL _jF-11748(1) _z-- Enc. pasta española _x-- Edic.: Son VIII, 195 p. |
||
| 999 |
_c164965 _d164965 |
||